Pokémon - Les attaques de Kyurem - Statistiques

Statistiques générales
  • Ce quiz a été pris 16 fois
  • Le résultat moyen est 8 sur 15
Statistiques - réponses
Niveaux Types Noms des attaques % Correct
Niveau 56 Glace Blizzard
89%
Niveau 72 Dragon Colère
78%
Niveau 24 Dragon Draco-Choc
78%
Niveau 80 Glace Ère Glaciaire
78%
Niveau 88 Glace Glaciation
78%
Niveau 32 Glace Laser Glace
78%
Départ Dragon Draco-Souffle
67%
Départ Roche Pouvoir Antique
67%
Niveau 48 Normal Grimace
44%
Départ Glace Lyophilisation
33%
Niveau 40 Normal Mégaphone
33%
Niveau 8 Normal Tranche
33%
Niveau 64 Psy Possessif
22%
Départ Normal Râle Mâle
22%
Niveau 16 Normal Effort
11%
Aucun quiz correspondant
Distribution des résultats
% des personnes avec chaque résultat
Percentile par nombre de réponses
Votre historique - résultats
Vous n’avez pas pris ce quiz